000 01311nam a22002657a 4500
999 _c390166
_d390166
001 104230
003 UA-OsUOA
005 20230504161332.0
007 ta
008 20131209b un ||||| |||| 00| 0 ukr d
020 _a5-244-00641-Х
040 _aUA-OsUOA
_bukr
_cUA-OsUOA
_dUA-OsUOA
041 _aukr
080 _a94(477.75)
090 _a94(477.75)
_bВ64
100 _aВозгрин В. Е.
245 _aИсторические судьбы крымских татар
260 _aМ.
_bМысль
_c1992
300 _a446 с.
520 _aДанная книга, написанная известным ученым, доктором исто­рических наук В.Е. Возгриным, рассказывает об исторических судь­бах крымских татар. Это первая в нашей стране работа, в которой на широком историческом фоне прослежена судьба крымских татар как нации, так и в рамках самостоятельного государства.
650 7 _a9 Географія. Біографії. Історія
_2UDC
942 _cBK
_2udc
955 _a1